000 01384nam a2200301 c 4500
999 _c187577
_d187577
003 BLK
005 20221128105842.0
008 180411b bul|||||r ||||||| ||bul||
010 _aKNG00196593000
040 _aBLK
041 _aBUL
_cBUL
080 _aМатематика
_b51
_x(035)(075.8)
_z51(035)(075.8)
139 _aРъководство за решаване на задачи по висша математика
_bР 97
245 1 0 _aРъководство за решаване на задачи по висша математика
_bЗа студентите от ВИАС : Ч. 1 -
_cавт. на том Веска Михайлова Кортенска и др.
_nЧ. 1
257 _aBGR
260 _aСофия
_bТехника
_c1979 -
_fЯмбол : Г. Димитров
300 _c22 см
380 _a5
500 _a8 065 тир.
650 4 _aМатематика - задачи - учебници за ВУЗ
_9253230
700 1 _aКортенска, Веска Михайлова
_eавт. на том
_9384518
760 1 _d1979
_h216 с.
_nДруги авт. : Т. П. Катев, М. К. Мартинова, В. И. Диновски, К. З. Шулев, Л. М. Топалов.
_tЧ. 1
852 _aЦб 98202
_bЦб
856 4 _qpdf
_i0.00
_ldisable
856 4 _qpdf
_i0.00
_ldisable
942 _cKNG
_n0
_01
_s1
944 _aCR
_c22.11.2016
_kГрета_Цуфелде
944 _aED
_c22.11.2016
_kГрета_Цуфелде
999 _d187577